| 000 | 01566nam a2200229 a 4500 | ||
|---|---|---|---|
| 008 | 120416s1980 ||||||||||||||||| || u | ||
| 020 | _a0582411793 | ||
| 050 | _aTH 6025 Hal | ||
| 100 | _aHall, Fred | ||
| 245 | 1 | 0 | _aBuilding services and equipment |
| 260 |
_aLondon _bLongman _c1980 |
||
| 300 | _a3v. : ill. | ||
| 350 | _a0.00 | ||
| 650 | _aBUILDINGS--MECHANICAL EQUIPMENT | ||
| 995 |
_aMAIN LIBRARY OPEN ACCESS _D0.00 _e731287 _FCBU-MAIN LIBRARY (Kitwe) _H4 _I8.50 _jTH 6025 Hal _M6 _UAVAILABLE _WJul 6, 2006 _y028918 _ZMain Library Open Access Collection |
||
| 995 |
_aBINDERY (DAMAGED) _D0.00 _e707330 _FCBU-MAIN LIBRARY (Kitwe) _H2 _I8.50 _jTH 6025 Hal _M3 _UDAMAGED _WMar 16, 2007 _y016309 _ZMain Library Open Access Collection |
||
| 995 |
_aBINDERY (DAMAGED) _D0.00 _e707331 _FCBU-MAIN LIBRARY (Kitwe) _H5 _I8.50 _jTH 6025 Hal _M5 _UDAMAGED _WMar 16, 2007 _y016311 _ZMain Library Open Access Collection |
||
| 995 |
_aMAIN LIBRARY OPEN ACCESS _D0.00 _e731289 _FCBU-MAIN LIBRARY (Kitwe) _H7 _I8.50 _jTH 6025 Hal _M7 _UAVAILABLE _WMar 16, 2007 _y028916 _ZMain Library Open Access Collection |
||
| 995 |
_aBINDERY (DAMAGED) _D0.00 _e707329 _FCBU-MAIN LIBRARY (Kitwe) _H3 _I8.50 _jTH 6025 Hal _M2 _UDAMAGED _WMar 16, 2007 _y016308 _ZMain Library Open Access Collection |
||
| 995 |
_aANNEX COLLECTION (Main Library) _D0.00 _e707328 _FCBU-MAIN LIBRARY (Kitwe) _H6 _I8.50 _jTH 6025 Hal _M1 _UAVAILABLE _WMar 16, 2007 _y016307 _ZAnnex Low-Usage Collection |
||
| 995 |
_aBINDERY (DAMAGED) _D0.00 _e707332 _FCBU-MAIN LIBRARY (Kitwe) _H1 _I8.50 _jTH 6025 Hal _M4 _UDAMAGED _WMar 16, 2007 _y016310 _ZMain Library Open Access Collection |
||
| 999 |
_c78944 _d78944 |
||